Re-mapping literary worlds postcolonial pedagogy in practice /
সংরক্ষণ করুন:
| প্রধান লেখক: | |
|---|---|
| বিন্যাস: | বৈদ্যুতিক বৈদ্যুতিন গ্রন্থ |
| ভাষা: | ইংরেজি |
| প্রকাশিত: |
New York :
P. Lang,
c2003.
|
| মালা: | Counterpoints (New York, N.Y.) ;
v. 213. |
| বিষয়গুলি: | |
| অনলাইন ব্যবহার করুন: | Available in Education Source. |
| ট্যাগগুলো: |
ট্যাগ যুক্ত করুন
কোনো ট্যাগ নেই, প্রথমজন হিসাবে ট্যাগ করুন!
|
MARC
| LEADER | 00000cam a22000002a 4500 | ||
|---|---|---|---|
| 001 | ebs56847576e | ||
| 003 | EBZ | ||
| 006 | m d |||||| | ||
| 007 | cr|unu|||||||| | ||
| 008 | 020214s2002 nyu ob 001 0 eng | ||
| 020 | 0 | |z 9780820457529 | |
| 035 | |a (EBZ)ebs56847576e | ||
| 040 | |a DLC |d EBZ | ||
| 042 | |a msc | ||
| 050 | 0 | 0 | |a PN71.C2 |b J64 2003 |
| 100 | 1 | |a Johnston, Ingrid, |d 1946- | |
| 240 | 1 | 0 | |a Re-mapping literary worlds (Online) |
| 245 | 1 | 0 | |a Re-mapping literary worlds |h [electronic resource] : |b postcolonial pedagogy in practice / |c Ingrid Johnston. |
| 246 | 3 | |a Remapping literary worlds | |
| 246 | 2 | |a Re-mapping Literary Worlds: Postcolonial Pedagogy in Practice | |
| 260 | |a New York : |b P. Lang, |c c2003. | ||
| 490 | 1 | |a Counterpoints ; |v v. 213 | |
| 504 | |a Includes bibliographical references (p. [155]-166) and index. | ||
| 650 | 0 | |a Literature |x Study and teaching (Secondary) |z Canada. | |
| 650 | 0 | |a Canon (Literature) | |
| 773 | 0 | |t Education Source |d EBSCO | |
| 776 | 1 | |t Re-mapping literary worlds |w (DLC)2002022495 | |
| 830 | 0 | |a Counterpoints (New York, N.Y.) ; |v v. 213. | |
| 856 | 4 | 0 | |3 Full text available: Sep 2003. |z Available in Education Source. |u https://researchs.unach.elogim.com/direct.asp?db=eue&jid=8TKL&scope=site |
| 901 | |a Book | ||